000 00636nam a2200229 a 4500
999 _c5171
_d5171
001 5171
003 BD-JhCC
005 20171213180527.0
008 171210s19651966p b|||| || | 000 0 eng d
035 _a(BD-JhCC)5171
040 _aBD-JhCC
_dBD-JhCC
041 _aeng
082 _a330.547
_bRAH 1966
100 _aRahman, Mofizur
245 _aEconomic Development of Pakistan /
_c Mofizur Rahman & Sayeef Mizanur Rahman
260 _aDacca :
_bPakistan Book Corporation,
_c1966.
300 _a352 p. :
_c21 cm.
650 _aEconomic Condition
_zPakistan
700 _aRahman, Saeef Mizanur
942 _2ddc
_cBK